00301nam a2200121Ia 4500008004100000041000900041082001700050100002800067245003100095260003700126300000800163650000800171230718s9999 xx 000 0 und d aEng. a462.5bSHA-A aShaikhs, Prof. Sofije d 2aA Selecion of Madem Essay  aPakistanbCarman bood hourc2009 a192 aLaw